[Event "CZE-chT2F 2223"]
[Site "Czech Republic"]
[Date "2023.01.22"]
[Round "7"]
[White "Sramek, Ondrej"]
[Black "Kuchar, Matej"]
[Result "0-1"]
[WhiteElo "1916"]
[BlackElo "2023"]
[PlyCount "80"]
[EventDate "2022.10.16"]
[EventType "team-tourn"]
[EventRounds "11"]
[EventCountry "CZE"]
[SourceTitle "EXT 2024"]
[Source "ChessBase"]
[SourceDate "2023.10.10"]
[SourceVersion "1"]
[SourceVersionDate "2023.10.10"]
[SourceQuality "1"]
[WhiteTeam "Orlova Slavia II"]
[BlackTeam "Cesky Tesin Slavoj"]
[WhiteTeamCountry "CZE"]
[BlackTeamCountry "CZE"]

1. e4 d6 2. d4 Nf6 3. Nc3 g6 4. Bd3 Bg7 5. Nf3 0-0 6. 0-0 Nc6 7. d5 Nb4 8. Ne2 c6 9. c4 e5 10. a3 Nxd3 11. Qxd3 c5 12. Be3 h6 13. b4 b6 14. Nc3 Nh5 15. Nd2 Nf4 16. Bxf4 exf4 17. Rab1 g5 18. f3 Bd7 19. Kh1 Be5 20. bxc5 bxc5 21. Rb7 Bc8 22. Rb3 h5 23. Rfb1 Qa5 24. Ne2 Ba6 25. Kg1 Kg7 26. Kf2 Qc7 27. Kg1 Qe7 28. g4 Rh8 29. Kg2 Qf6 30. h3 Rae8 31. Nc3 Bc8 32. Nb5 Re7 33. Nc3 hxg4 34. fxg4 Bxg4 35. hxg4 Qh6 36. Nf1 Qh1+ 37. Kf2 Rh3 38. Qc2 Rf3+ 39. Ke2 Qg2+ 40. Ke1 Rxf1# 0-1

[Event "Stare Mesto op"]
[Site "Stare Mesto"]
[Date "2022.08.14"]
[Round "3"]
[White "Sramek, Ondrej"]
[Black "Babula, Matej"]
[Result "0-1"]
[WhiteElo "1985"]
[BlackElo "1748"]
[PlyCount "88"]
[EventDate "2022.08.12"]
[EventType "swiss"]
[EventRounds "9"]
[EventCountry "CZE"]
[SourceTitle "CBM 209 Extra"]
[Source "ChessBase"]
[SourceDate "2022.09.30"]
[SourceVersion "1"]
[SourceVersionDate "2022.09.30"]
[SourceQuality "1"]

1. e4 c5 2. Nf3 e6 3. d4 cxd4 4. Nxd4 a6 5. Nc3 Qc7 6. Bd3 Bc5 7. Nb3 Ba7 8. Qg4 Kf8 9. Bg5 b5 10. 0-0 Bb7 11. Kh1 d6 12. f4 Nd7 13. e5 h5 14. Qh3 dxe5 15. fxe5 Nxe5 16. Rae1 Ng4 17. Bh4 N8f6 18. Ne4 Bxe4 19. Bxe4 Nxe4 20. Rxe4 Qxc2 21. Qf3 Qc7 22. Bg3 Qb7 23. Qe2 Rh6 24. h3 Nf6 25. Ref4 Bb8 26. R4f3 Bxg3 27. Rxg3 h4 28. Rgf3 Kg8 29. Nc5 Qd5 30. b4 a5 31. Rd3 Qg5 32. a3 axb4 33. axb4 Rg6 34. Rdf3 Rd8 35. R3f2 Qd5 36. Qc2 Rc8 37. Qb2 Nh5 38. Re1 Ng3+ 39. Kh2 Qd6 40. Kg1 Nf5 41. Rd2 Qg3 42. Rf1 Qxh3 43. Rd3 Qg4 44. Qd2 h3 0-1

[Event "CZE-chT2F 2122"]
[Site "Czech Republic"]
[Date "2021.12.05"]
[Round "4.5"]
[White "Sramek, Ondrej"]
[Black "Zimniok, Lubomir"]
[Result "0-1"]
[WhiteElo "1980"]
[BlackElo "2078"]
[PlyCount "68"]
[EventDate "2021.10.17"]
[EventType "team-tourn"]
[EventRounds "11"]
[EventCountry "CZE"]
[SourceTitle "EXT 2024"]
[Source "ChessBase"]
[SourceDate "2023.10.10"]
[SourceVersion "1"]
[SourceVersionDate "2023.10.10"]
[SourceQuality "1"]
[WhiteTeam "Orlova Slavia II"]
[BlackTeam "Karvina"]
[WhiteTeamCountry "CZE"]
[BlackTeamCountry "CZE"]

1. e4 e5 2. Nf3 Nc6 3. Bc4 g6 4. d3 Bg7 5. c3 Nge7 6. 0-0 0-0 7. Bg5 h6 8. Bh4 Na5 9. Bb3 Nxb3 10. Qxb3 Qe8 11. Nbd2 d6 12. d4 Nc6 13. dxe5 dxe5 14. Rfe1 b6 15. Nf1 Na5 16. Qc2 Be6 17. Bg3 f6 18. Ne3 c6 19. h3 Qf7 20. b3 Rfd8 21. Rad1 Nb7 22. Rxd8+ Rxd8 23. Bh2 Bf8 24. Nd2 Qd7 25. Ndf1 Qd3 26. Qc1 Qa6 27. Qc2 Qd3 28. Qc1 g5 29. c4 Qxe4 30. Ng3 Qg6 31. Ng4 Bxg4 32. hxg4 Qd3 33. Ne4 Kf7 34. Qa1 Bb4 0-1

[Event "CZE-ch Betsys Online Blitz"]
[Site "Chess.com INT"]
[Date "2021.04.17"]
[Round "2"]
[White "Gnojek, Petr"]
[Black "Sramek, Ondrej"]
[Result "1-0"]
[WhiteElo "2267"]
[BlackElo "2021"]
[PlyCount "83"]
[EventDate "2021.04.17"]
[EventType "swiss (blitz)"]
[EventRounds "13"]
[EventCountry "CZE"]
[SourceTitle "CBM 201 Extra"]
[Source "ChessBase"]
[SourceDate "2021.05.31"]
[SourceVersion "1"]
[SourceVersionDate "2021.05.31"]
[SourceQuality "1"]

1. d4 Nf6 2. c4 g6 3. f3 Bg7 4. e4 c5 5. d5 d6 6. Ne2 b5 7. cxb5 a6 8. Nec3 0-0 9. bxa6 Nxa6 10. Be2 Bb7 11. 0-0 e6 12. dxe6 fxe6 13. Bg5 Qb6 14. Na3 Nc7 15. Nc4 Qa7 16. Nxd6 Bc6 17. Qc2 Rab8 18. Kh1 Kh8 19. Rad1 Qb6 20. b3 Qa7 21. Nc4 Nd7 22. Rd6 Bb5 23. Nxb5 Nxb5 24. Rd2 Nd4 25. Qd3 Nb6 26. Be3 Rfd8 27. Bxd4 Rxd4 28. Qe3 Rbd8 29. Rfd1 Nxc4 30. Bxc4 Rxd2 31. Rxd2 Bd4 32. Qg5 Qa5 33. h4 Kg7 34. Qe7+ Kh6 35. Qg5+ Kg7 36. e5 Rf8 37. Bxe6 Qa3 38. Qe7+ Kh6 39. Qxf8+ Kh5 40. Bg4+ Kxh4 41. Qh6+ Kg3 42. Qh2# 1-0

[Event "CZE-ch Betsys Online Blitz"]
[Site "Chess.com INT"]
[Date "2021.04.17"]
[Round "3"]
[White "Sramek, Ondrej"]
[Black "Klapuch, Dominik"]
[Result "1-0"]
[WhiteElo "2021"]
[BlackElo "1195"]
[PlyCount "67"]
[EventDate "2021.04.17"]
[EventType "swiss (blitz)"]
[EventRounds "13"]
[EventCountry "CZE"]
[SourceTitle "CBM 201 Extra"]
[Source "ChessBase"]
[SourceDate "2021.05.31"]
[SourceVersion "1"]
[SourceVersionDate "2021.05.31"]
[SourceQuality "1"]

1. e4 c5 2. Nf3 d6 3. d4 cxd4 4. Nxd4 Nf6 5. Nc3 g6 6. Be3 Bg7 7. Bc4 0-0 8. f3 Nc6 9. Qd2 a6 10. Bb3 Ne5 11. 0-0-0 Bd7 12. h4 h5 13. Bh6 Rc8 14. Bxg7 Kxg7 15. g4 Nc4 16. Bxc4 Rxc4 17. gxh5 Nxh5 18. Nf5+ Kh7 19. Qh6+ Kg8 20. Rdg1 Qe8 21. Qxh5 Bxf5 22. exf5 Kg7 23. fxg6 fxg6 24. Qg5 Rc5 25. Qg4 Qf7 26. h5 Qf4+ 27. Qxf4 Rxf4 28. Rxg6+ Kh7 29. Rg3 Rcf5 30. Ne4 Kh6 31. a3 Rxf3 32. Rg6+ Kh7 33. Ng5+ Rxg5 34. Rxg5 1-0

[Event "CZE-ch Betsys Online Blitz"]
[Site "Chess.com INT"]
[Date "2021.04.17"]
[Round "5"]
[White "Zavurka, Roman"]
[Black "Sramek, Ondrej"]
[Result "1-0"]
[WhiteElo "2169"]
[BlackElo "2021"]
[PlyCount "55"]
[EventDate "2021.04.17"]
[EventType "swiss (blitz)"]
[EventRounds "13"]
[EventCountry "CZE"]
[SourceTitle "CBM 201 Extra"]
[Source "ChessBase"]
[SourceDate "2021.05.31"]
[SourceVersion "1"]
[SourceVersionDate "2021.05.31"]
[SourceQuality "1"]

1. d4 Nf6 2. Nf3 g6 3. Bf4 Bg7 4. e3 0-0 5. h3 c5 6. c3 cxd4 7. exd4 d6 8. Be2 Nc6 9. 0-0 Qa5 10. Nbd2 a6 11. Nc4 Qc7 12. a4 Bd7 13. Re1 b5 14. axb5 axb5 15. Na3 b4 16. Nb5 Qb7 17. c4 d5 18. c5 Na5 19. Nc7 Ra7 20. Bf1 e6 21. Qe2 Nc4 22. b3 Rxa1 23. Rxa1 Na3 24. Qa6 Qxa6 25. Nxa6 Nc2 26. Rc1 Na3 27. Nxb4 Rb8 28. Bxb8 1-0

[Event "CZE-chT2F 1920"]
[Site "Czech Republic"]
[Date "2020.01.26"]
[Round "7.6"]
[White "Sramek, Ondrej"]
[Black "Krejci, Jan"]
[Result "1/2-1/2"]
[WhiteElo "2028"]
[BlackElo "2104"]
[PlyCount "49"]
[EventDate "2019.10.13"]
[EventType "team-tourn"]
[EventRounds "11"]
[EventCountry "CZE"]
[SourceTitle "EXT 2024"]
[Source "ChessBase"]
[SourceDate "2023.10.10"]
[SourceVersion "1"]
[SourceVersionDate "2023.10.10"]
[SourceQuality "1"]
[WhiteTeam "Orlova Slavia II"]
[BlackTeam "Litovel Tatran"]
[WhiteTeamCountry "CZE"]
[BlackTeamCountry "CZE"]

1. e4 e5 2. Nf3 Nf6 3. Nxe5 d6 4. Nf3 Nxe4 5. d3 Nf6 6. d4 d5 7. Bd3 Bg4 8. 0-0 Be7 9. Bf4 0-0 10. Nbd2 Nbd7 11. c3 c6 12. Re1 Re8 13. Qc2 Nf8 14. Ne5 Ng6 15. Nxg4 Nxg4 16. Bg3 Nf6 17. Nf3 Nh5 18. Ne5 Bf6 19. Ng4 Rxe1+ 20. Rxe1 Nxg3 21. Nxf6+ Qxf6 22. hxg3 Nf8 23. Re5 g6 24. Qe2 a5 25. Bc2 1/2-1/2

[Event "Orlova op 14th"]
[Site "Orlova"]
[Date "2017.05.25"]
[Round "6"]
[White "Gratze, Michael"]
[Black "Sramek, Ondrej"]
[Result "0-1"]
[WhiteElo "2045"]
[BlackElo "1979"]
[PlyCount "50"]
[EventDate "2017.05.20"]
[EventType "swiss"]
[EventRounds "9"]
[EventCountry "CZE"]
[SourceTitle "CBM 178 Extra"]
[Source "ChessBase"]
[SourceDate "2017.06.22"]
[SourceVersion "1"]
[SourceVersionDate "2017.06.22"]
[SourceQuality "1"]

1. e4 e5 2. Nf3 Nc6 3. d4 exd4 4. Bc4 Nf6 5. 0-0 Nxe4 6. Re1 d5 7. Bxd5 Qxd5 8. Nc3 Qa5 9. Nxe4 Be6 10. Neg5 0-0-0 11. Nxe6 fxe6 12. Rxe6 Bd6 13. Qe2 Qh5 14. h3 Rhe8 15. Bg5 Ne5 16. Rxe5 Bxe5 17. Qb5 Bf6 18. Qf5+ Kb8 19. g4 Qxh3 20. Bf4 h5 21. Nh2 hxg4 22. a4 Bh4 23. Nf1 Qf3 24. Nh2 Qxf2+ 25. Kh1 Bg3 0-1

[Event "Orlova op-A 12th"]
[Site "Orlova"]
[Date "2015.05.31"]
[Round "9"]
[White "Czerw, Dawid"]
[Black "Sramek, Ondrej"]
[Result "1/2-1/2"]
[WhiteElo "2116"]
[BlackElo "1847"]
[PlyCount "87"]
[EventDate "2015.05.24"]
[EventType "swiss"]
[EventRounds "9"]
[EventCountry "CZE"]
[SourceTitle "CBM 166 Extra"]
[Source "ChessBase"]
[SourceDate "2015.06.18"]
[SourceVersion "1"]
[SourceVersionDate "2015.06.18"]
[SourceQuality "1"]

1. Nf3 Nf6 2. c4 g6 3. Nc3 Bg7 4. g3 0-0 5. Bg2 c5 6. 0-0 Nc6 7. d3 d6 8. Bd2 a6 9. a3 Bd7 10. Rb1 Rb8 11. b4 cxb4 12. axb4 b5 13. cxb5 axb5 14. Qc2 Rc8 15. Qd1 Rb8 16. h3 Qc8 17. Kh2 Ne8 18. Nd5 Nc7 19. Nxc7 Qxc7 20. Qc2 Rfc8 21. Rbc1 Qb6 22. Qb1 Nd4 23. Nxd4 Bxd4 24. e3 Bg7 25. d4 Bc6 26. d5 Bd7 27. Qe4 Qd8 28. g4 f5 29. Qf3 Be5+ 30. Kg1 fxg4 31. hxg4 Qf8 32. Qe2 Qg7 33. f4 Bc3 34. Bf3 Rc4 35. Bxc3 Rxc3 36. Qd2 Rbc8 37. Kg2 g5 38. f5 Qe5 39. e4 Rxc1 40. Rxc1 h6 41. Rxc8+ Bxc8 42. Kh3 Bd7 43. Kg2 Kf7 44. Kh3 1/2-1/2

[Event "Orlova op-A 12th"]
[Site "Orlova"]
[Date "2015.05.26"]
[Round "3"]
[White "Sramek, Vojtech"]
[Black "Sramek, Ondrej"]
[Result "1/2-1/2"]
[WhiteElo "1611"]
[BlackElo "1847"]
[PlyCount "42"]
[EventDate "2015.05.24"]
[EventType "swiss"]
[EventRounds "9"]
[EventCountry "CZE"]
[SourceTitle "CBM 166 Extra"]
[Source "ChessBase"]
[SourceDate "2015.06.18"]
[SourceVersion "1"]
[SourceVersionDate "2015.06.18"]
[SourceQuality "1"]

1. e4 e5 2. Nf3 Nc6 3. d4 exd4 4. Nxd4 Nf6 5. Nc3 Bb4 6. Nxc6 bxc6 7. Bd3 d5 8. exd5 cxd5 9. 0-0 0-0 10. Bg5 Be6 11. Qf3 Be7 12. Rae1 h6 13. Bxh6 gxh6 14. Rxe6 fxe6 15. Qg3+ Kh8 16. Qg6 Re8 17. Qxh6+ Kg8 18. Qg5+ Kh8 19. Qh6+ Kg8 20. Qg5+ Kh8 21. Qh6+ Kg8 1/2-1/2

[Event "CZE-chT U20 Extraliga final-A 1415"]
[Site "Czech Republic"]
[Date "2015.04.24"]
[Round "8.3"]
[White "Pychova, Nela"]
[Black "Sramek, Ondrej"]
[Result "1-0"]
[WhiteElo "1996"]
[BlackElo "1863"]
[PlyCount "99"]
[EventDate "2014.10.11"]
[EventType "team-tourn"]
[EventRounds "11"]
[EventCountry "CZE"]
[SourceTitle "EXT 2021"]
[Source "ChessBase"]
[SourceDate "2020.10.23"]
[SourceVersion "1"]
[SourceVersionDate "2020.10.23"]
[SourceQuality "1"]
[WhiteTeam "Vlasim (U20)"]
[BlackTeam "Orlova Slavia (U20)"]
[WhiteTeamCountry "CZE"]
[BlackTeamCountry "CZE"]

1. c4 Nf6 2. Nf3 g6 3. g3 Bg7 4. Bg2 c5 5. Nc3 0-0 6. d3 Nc6 7. a3 d5 8. cxd5 Nxd5 9. Bd2 e6 10. Rc1 b6 11. 0-0 Bb7 12. Qa4 Rc8 13. Nxd5 Qxd5 14. Bc3 Bxc3 15. bxc3 Rfd8 16. Qf4 Qd6 17. Qh4 Kg7 18. Rfd1 Qe7 19. Qxe7 Nxe7 20. a4 Bc6 21. Ra1 Nd5 22. Rdc1 a6 23. Ne5 Ne7 24. Nxc6 Nxc6 25. Rab1 c4 26. d4 Rd6 27. Rd1 Na5 28. f4 Rb8 29. Rb4 b5 30. axb5 axb5 31. Ra1 Nc6 32. Rbb1 Rb6 33. e4 f6 34. e5 fxe5 35. fxe5 Rd7 36. Bxc6 Rxc6 37. Rxb5 Rf7 38. Rf1 Ra7 39. Rfb1 Ra3 40. Rb7+ Kh6 41. Rc1 Ra2 42. Rf1 Ra3 43. Rf3 Rb3 44. Ra7 Rc8 45. Kg2 Rc6 46. Kh3 Rb2 47. Kg4 Re2 48. Rff7 Re4+ 49. Kf3 Re1 50. Rxh7+ 1-0